00354 a2200109 4500001001000000005001700010008004100027245007000068100002000138700001900158773006700177ART_1203920260410161902.0260409a 10aA bayesian estimation of macro and micro ces production functions1 aTsurumi, Hiroki1 aTsurumi, Yoshi0 tJournal of econometricsg- Vol. 4, NÂș 1 (feb. 1976)wREV11720